000 00665nam a2200217Ia 4500
005 20241129111003.0
008 241129s9999||||xx |||||||||||||| ||und||
020 _a978-1-316-51239-5
037 _aTB
040 _aCRL
_beng
_cCRL
041 _aeng
_2eng
084 _aV2:71 R1
_qCRL
100 _aAvikunthak Ashish Au.
_9723042
245 0 _aBureaucratic archaeology: state, science,a nd past in postcolonial India
_cAvikunthak Ashish Au.
260 _aCambridge, USA
_bUniversity Press
_c2021
300 _axxxiv,328p.
365 _aINR
_b895
650 _aIndian HistoryArchaeology
_9726273
942 _cTB
_hV2:71 R1
999 _c1228411
_d1228411